[Event "TCh-CHN 2012"]
[Site "Beijing CHN"]
[Date "2012.04.29"]
[Round "2"]
[White "Ning, Chunhong"]
[Black "Wang, Doudou"]
[Result "0-1"]
[WhiteTitle "WGM"]
[WhiteElo "2328"]
[BlackElo "2186"]
[WhiteTeam "Tianjin"]
[BlackTeam "Hebei"]
[WhiteFideId "8600376"]
[BlackFideId "8603197"]
[EventDate "2012.04.28"]

1. e4 e5 2. Nf3 Nc6 3. Bb5 f5 4. d4 fxe4 5. Nxe5 Nxe5 6. dxe5 c6 7. Bc4 Qa5+ 8.
Bd2 Qxe5 9. Bc3 Qf5 10. O-O d5 11. Be2 Nf6 12. f3 Bc5+ 13. Kh1 O-O 14. fxe4 Qxe4
15. Nd2 Qe7 16. Nf3 Ng4 17. Bd4 Bxd4 18. Nxd4 Nf2+ 19. Rxf2 Rxf2 20. Bf3 Qe3 21.
c3 Bd7 22. Qb3 Re8 23. Rg1 Rd2 24. h3 Bxh3 0-1

[Event "TCh-CHN 2012"]
[Site "Beijing CHN"]
[Date "2012.04.29"]
[Round "2"]
[White "Tan, Zhongyi"]
[Black "Ding, Yixin"]
[Result "1/2-1/2"]
[WhiteTitle "WGM"]
[BlackTitle "WGM"]
[WhiteElo "2438"]
[BlackElo "2350"]
[WhiteTeam "Chongqing"]
[BlackTeam "Zhejiang"]
[WhiteFideId "8603642"]
[BlackFideId "8602972"]
[EventDate "2012.04.28"]

1. d4 Nf6 2. c4 g6 3. Nc3 d5 4. cxd5 Nxd5 5. e4 Nxc3 6. bxc3 Bg7 7. Qa4+ Qd7 8.
Qb3 O-O 9. Be3 b6 10. Bb5 c6 11. Be2 c5 12. Nf3 cxd4 13. cxd4 Bb7 14. e5 Bd5 15.
Qb2 Nc6 16. O-O f6 17. Rfe1 Rad8 18. Rac1 Bxf3 19. Bxf3 Nxd4 20. Bxd4 Qxd4 21.
Qxd4 Rxd4 22. Rc7 fxe5 23. Rxa7 Bf6 24. h3 Rd2 25. Re2 Rxe2 26. Bxe2 Rc8 27. Ra4
Rc1+ 28. Kh2 Rc2 29. Re4 Kf8 30. a4 Rd2 31. f3 h5 32. g3 g5 33. Kg2 h4 34. gxh4
gxh4 35. Kf2 Rd4 36. Rxd4 exd4 37. f4 Ke8 38. Bb5+ Kd8 39. Kf3 Kc7 40. Ke4 Kd6
41. Kd3 Kc5 42. Ke4 Bg7 43. Kd3 Bh6 44. Ke4 Bg7 45. Kd3 Kd5 46. Bc4+ Kc5 47. Bb5
Kb4 48. Bd7 Kb3 49. Bc6 Kb2 50. Bd7 Kc1 51. Bg4 Kb2 52. Bd7 Kb3 53. Ke4 1/2-1/2

[Event "TCh-CHN 2012"]
[Site "Beijing CHN"]
[Date "2012.04.29"]
[Round "2"]
[White "Wan, Yunguo"]
[Black "Andriasian, Zaven"]
[Result "1/2-1/2"]
[BlackTitle "GM"]
[WhiteElo "2441"]
[BlackElo "2616"]
[WhiteTeam "Hebei"]
[BlackTeam "Tianjin"]
[WhiteFideId "8603189"]
[BlackFideId "13302000"]
[EventDate "2012.04.28"]

1. e4 c5 2. Nf3 d6 3. d4 cxd4 4. Nxd4 Nf6 5. Nc3 a6 6. Be3 Ng4 7. Bg5 h6 8. Bh4
g5 9. Bg3 Bg7 10. Be2 h5 11. Bxg4 Bxg4 12. f3 Be6 13. Qd2 Qa5 14. O-O Rg8 15.
Bf2 Nc6 16. Nxc6 bxc6 17. Bd4 Bxd4+ 18. Qxd4 Rb8 19. b3 Qb6 20. Qxb6 Rxb6 21.
Na4 Rb8 22. c4 f6 23. c5 d5 24. Nb6 dxe4 25. fxe4 Kf7 26. Kf2 g4 27. Ke3 Rg5 28.
b4 h4 29. Rfd1 Rbg8 30. Rd2 g3 31. h3 Re5 32. Kf4 Reg5 33. Rc1 Rb8 34. a4 Rbg8
35. a5 Rh5 36. Rcd1 Bb3 37. Rb1 Be6 38. Rbd1 Bb3 39. Rb1 Be6 1/2-1/2

[Event "TCh-CHN 2012"]
[Site "Beijing CHN"]
[Date "2012.04.29"]
[Round "2"]
[White "Wang, Rui"]
[Black "Liu, Qingnan"]
[Result "1/2-1/2"]
[WhiteTitle "GM"]
[BlackTitle "IM"]
[WhiteElo "2407"]
[BlackElo "2461"]
[WhiteTeam "Hebei"]
[BlackTeam "Tianjin"]
[WhiteFideId "8601003"]
[BlackFideId "8603294"]
[EventDate "2012.04.28"]

1. c4 g6 2. Nc3 d6 3. g3 Bg7 4. Bg2 f5 5. Rb1 a5 6. a3 Nf6 7. Nf3 O-O 8. O-O e5
9. d3 h6 10. b4 axb4 11. axb4 Nc6 12. b5 Ne7 13. Bb2 g5 14. Nd2 f4 15. Nde4 Ne8
16. Qb3 Be6 17. Ra1 Rb8 18. Ra7 Nf5 19. Qa4 g4 20. Nd5 Bxd5 21. cxd5 h5 22. Ra1
fxg3 23. hxg3 h4 24. Ra8 Rxa8 25. Qxa8 Qe7 26. Qc8 hxg3 27. Nxg3 Nxg3 28. fxg3
e4 29. Qxg4 exd3 30. e4 Nf6 31. Qg6 Qe8 32. Qxe8 Nxe8 33. Bxg7 Kxg7 34. Rd1 Kf6
35. Rf1+ Ke7 36. Rxf8 Kxf8 37. Kf2 Nf6 38. Ke3 Ng4+ 39. Kxd3 Ke7 40. Kd4 Kf6 41.
Bh3 1/2-1/2

[Event "TCh-CHN 2012"]
[Site "Beijing CHN"]
[Date "2012.04.29"]
[Round "2"]
[White "Yu, Lie"]
[Black "Wang, Chen"]
[Result "1/2-1/2"]
[WhiteTitle "IM"]
[BlackTitle "IM"]
[WhiteElo "2417"]
[BlackElo "2490"]
[WhiteTeam "Zhejiang"]
[BlackTeam "Chongqing"]
[WhiteFideId "8603715"]
[BlackFideId "8601020"]
[EventDate "2012.04.28"]

1. Nf3 d5 2. d4 Nf6 3. c4 e6 4. Nc3 Be7 5. Bg5 h6 6. Bxf6 Bxf6 7. e3 O-O 8. Bd3
c5 9. cxd5 cxd4 10. Nxd4 Bxd4 11. exd4 exd5 12. O-O Nc6 13. Bb5 Ne7 14. Qb3 Be6
15. Be2 Qd7 16. Bf3 Rac8 17. Rad1 Rfd8 18. Rfe1 Rc6 19. Na4 b6 20. Nc3 Rc7 21.
Be2 Nc6 22. Bb5 Qd6 23. Bxc6 Rxc6 24. Qa4 Rc4 25. Qxa7 Qb4 26. Ne2 Qxb2 27. Nf4
Rf8 28. Qe7 Rxd4 29. Rxd4 Qxd4 30. Nxe6 fxe6 31. Qxe6+ Kh8 32. Qe3 Qb2 33. Rd1
Qxa2 34. Qxb6 Qe2 35. Rb1 Re8 36. h3 Qd2 37. Qd6 d4 38. Rb4 d3 39. Rd4 Qe1+ 1/2-1/2

[Event "TCh-CHN 2012"]
[Site "Beijing CHN"]
[Date "2012.04.30"]
[Round "3"]
[White "Wang, Chen"]
[Black "Lin, Chen"]
[Result "1/2-1/2"]
[WhiteTitle "IM"]
[WhiteElo "2490"]
[BlackElo "2446"]
[WhiteTeam "Chongqing"]
[BlackTeam "Wuxi"]
[WhiteFideId "8601020"]
[BlackFideId "8602298"]
[EventDate "2012.04.28"]

1. e4 e5 2. Nf3 Nc6 3. Nc3 Nf6 4. d4 exd4 5. Nxd4 Bb4 6. Nxc6 bxc6 7. Bd3 d5 8.
exd5 cxd5 9. O-O O-O 10. Bg5 c6 11. Qf3 Bd6 12. h3 Rb8 13. Rab1 h6 14. Bxf6 Qxf6
15. Qxf6 gxf6 16. Ne2 Bd7 17. Ng3 Bxg3 18. fxg3 Kg7 19. b3 Rfe8 20. Rf4 c5 21.
Rd1 Re5 22. Be4 Be6 23. Bf3 d4 24. Be4 Rb6 25. Bd3 Re3 26. Kf2 a5 27. Rf3 Re5
28. g4 a4 29. Kg3 a3 30. Kf2 Rb8 31. Rc1 Bd5 32. Rf4 Rbe8 33. Bb5 Rb8 34. Bd3
Rbe8 35. Bb5 Rb8 36. Bd3 1/2-1/2

[Event "TCh-CHN 2012"]
[Site "Beijing CHN"]
[Date "2012.04.30"]
[Round "3"]
[White "Gu, Xiaobing"]
[Black "Huang, Qian"]
[Result "0-1"]
[WhiteTitle "WGM"]
[BlackTitle "WGM"]
[WhiteElo "2257"]
[BlackElo "2399"]
[WhiteTeam "Wuxi"]
[BlackTeam "Chongqing"]
[WhiteFideId "8602611"]
[BlackFideId "8602689"]
[EventDate "2012.04.28"]

1. e4 g6 2. d4 Bg7 3. Nc3 c6 4. Nf3 d5 5. Be3 dxe4 6. Nxe4 Nd7 7. Qd2 Ngf6 8.
Nxf6+ Nxf6 9. Bd3 Nd5 10. Bh6 Bxh6 11. Qxh6 Nf6 12. O-O Bg4 13. Ne5 Qxd4 14.
Rfe1 Be6 15. Rad1 Ng4 16. Nxg4 Qxg4 17. Be4 Qh5 18. Qg7 Rf8 19. Bf3 Qc5 20. Re2
Bd5 21. Bxd5 cxd5 22. Rd3 e6 23. Qxh7 Kd7 24. Rf3 Qe7 25. Qg7 Rac8 26. Qd4 Qc5
27. Qg4 Qc6 28. Qf4 Qa6 29. Qe5 Qd6 30. Qg7 Qe7 31. Qd4 Qc5 32. Qg4 Qc6 33. Rc3
Qa6 34. Ra3 Qb5 35. Rb3 Qa6 36. Rd2 Qc6 37. h3 Rc7 38. Rbd3 Ke8 39. Rc3 Qd6 40.
Rdd3 a6 41. Rxc7 Qxc7 42. Rc3 Qd6 43. Rb3 b5 44. a4 Qc5 45. axb5 axb5 46. Qe2 b4
47. Qd2 Ke7 48. Rxb4 Qc6 49. Rb3 Ra8 50. Qb4+ Kd7 51. Qf4 Ra1+ 52. Kh2 Qc7 53.
Kg3 Qxf4+ 54. Kxf4 f6 55. Rb7+ Kd6 56. Rb6+ Kd7 57. h4 Ra4+ 58. b4 Ra2 59. Rb7+
Kd6 60. Rb6+ Kd7 61. Rb7+ Kd6 62. Rg7 Rxc2 63. Rxg6 Rxf2+ 64. Ke3 Rf1 65. h5 Rh1
66. g4 Ke5 67. b5 Rb1 68. g5 fxg5 69. Rxg5+ Kf6 70. Rg8 Rxb5 71. h6 Rb3+ 72. Kd4
Rh3 73. Rh8 Rh4+ 74. Ke3 Kg6 75. Re8 Re4+ 76. Kf3 Kxh6 77. Rg8 Re5 78. Kf4 Rf5+
79. Kg4 Rf6 80. Re8 Kg7 81. Re7+ Kg6 82. Re8 Kf7 83. Ra8 Rf5 84. Ra1 Kf6 85. Rd1
Ke5 86. Re1+ Kd6 87. Ra1 Rf8 88. Kg5 d4 89. Kg4 e5 90. Kg3 Kd5 91. Rd1 e4 0-1

[Event "TCh-CHN 2012"]
[Site "Beijing CHN"]
[Date "2012.04.30"]
[Round "3"]
[White "Liu, Qingnan"]
[Black "Lu, Shanglei"]
[Result "0-1"]
[WhiteTitle "IM"]
[BlackTitle "GM"]
[WhiteElo "2461"]
[BlackElo "2514"]
[WhiteTeam "Tianjin"]
[BlackTeam "Zhejiang"]
[WhiteFideId "8603294"]
[BlackFideId "8603332"]
[EventDate "2012.04.28"]

1. e4 e6 2. Qe2 c5 3. g3 Nc6 4. Nf3 d6 5. Bg2 g6 6. O-O Bg7 7. c3 e5 8. b3 Nge7
9. Bb2 O-O 10. Na3 d5 11. exd5 Nxd5 12. d3 Re8 13. Rad1 Bf5 14. Nd2 e4 15. dxe4
Bxc3 16. Ndc4 Nd4 17. Qd3 Bxb2 18. Nxb2 Nb4 19. Qb1 Bd7 20. Kh1 Qa5 21. Nbc4 Qa6
22. Qb2 Bc6 23. f3 f5 24. exf5 Re2 25. Rd2 Rae8 26. fxg6 Re1 27. gxh7+ Kxh7 28.
Rd1 R1e2 29. Qb1+ Kg7 30. Qc1 Bd5 31. Nb1 Qg6 32. Qf4 Bxc4 33. Rxd4 cxd4 34.
Qxd4+ Qf6 35. Qxc4 Nc2 36. Qg4+ Qg6 37. Nc3 Qxg4 38. fxg4 Rxg2 39. Kxg2 Ne3+ 40.
Kf2 Nxf1 41. Kxf1 Rc8 42. Ne2 Rc2 43. a4 Rb2 44. Nd4 Rxh2 45. Ke1 Rg2 46. Nf5+
Kg6 47. Kd1 Rb2 48. Nd4 Rf2 49. Kc1 0-1

[Event "TCh-CHN 2012"]
[Site "Beijing CHN"]
[Date "2012.04.30"]
[Round "3"]
[White "Andriasian, Zaven"]
[Black "Yu, Lie"]
[Result "1-0"]
[WhiteTitle "GM"]
[BlackTitle "IM"]
[WhiteElo "2616"]
[BlackElo "2417"]
[WhiteTeam "Tianjin"]
[BlackTeam "Zhejiang"]
[WhiteFideId "13302000"]
[BlackFideId "8603715"]
[EventDate "2012.04.28"]

1. Nf3 Nf6 2. c4 c6 3. b3 g6 4. Bb2 Bg7 5. g3 O-O 6. Bg2 d6 7. d4 Qa5+ 8. Nbd2
Ne4 9. O-O Nxd2 10. Nxd2 Qh5 11. e4 Qxd1 12. Raxd1 c5 13. e5 Nc6 14. dxc5 dxe5
15. Rfe1 Bg4 16. Bxc6 bxc6 17. f3 Bf5 18. Bxe5 Bxe5 19. Rxe5 Rfd8 20. Re2 Bd3
21. Rf2 a5 22. Nf1 Bf5 23. Rxd8+ Rxd8 24. Rd2 Rb8 25. Ne3 Be6 26. Kf2 Kf8 27.
Ke2 Ke8 28. Kd3 Kd7 29. Kc3+ Kc7 30. a3 h5 31. Nc2 Bd7 32. Re2 Re8 33. f4 h4 34.
b4 axb4+ 35. axb4 f6 36. Nd4 hxg3 37. hxg3 e5 38. fxe5 fxe5 39. Nf3 Ra8 40. Nxe5
Ra3+ 41. Kd4 Rb3 42. Rh2 Be8 43. Rh8 1-0

[Event "TCh-CHN 2012"]
[Site "Beijing CHN"]
[Date "2012.04.30"]
[Round "3"]
[White "Wang, Xiaohui"]
[Black "Danielian, Elina"]
[Result "1-0"]
[WhiteTitle "WIM"]
[BlackTitle "GM"]
[WhiteElo "2209"]
[BlackElo "2478"]
[WhiteTeam "Zhejiang"]
[BlackTeam "Tianjin"]
[WhiteFideId "8603073"]
[BlackFideId "13300210"]
[EventDate "2012.04.28"]

1. d4 d5 2. c4 dxc4 3. Nf3 Nf6 4. e3 e6 5. Bxc4 a6 6. a4 c5 7. O-O Nc6 8. Qe2
cxd4 9. Rd1 Be7 10. exd4 O-O 11. Nc3 Nb4 12. Bg5 Nbd5 13. Ne5 Nxc3 14. bxc3 Nd5
15. Bd2 Bd7 16. Qf3 Bc6 17. Nxc6 bxc6 18. a5 Qc7 19. Bd3 Rfd8 20. Be4 Rac8 21.
Qe2 Nf6 22. Bf3 Qa7 23. Rdb1 Nd5 24. c4 Nf6 25. Be3 Qd7 26. c5 Nd5 27. Bxd5 Qxd5
28. Qxa6 e5 29. dxe5 Bxc5 30. Bxc5 Qxc5 31. Qb7 Qxe5 32. a6 g6 33. a7 Qe8 34. g3
c5 35. Re1 Qf8 36. Re7 h5 37. Ra6 c4 38. Rf6 Rd1+ 39. Kg2 Rb1 40. Rfxf7 Rxb7 41.
Rxf8+ Rxf8 42. Rxb7 c3 43. Rb8 1-0

[Event "TCh-CHN 2012"]
[Site "Beijing CHN"]
[Date "2012.04.30"]
[Round "3"]
[White "Ding, Yixin"]
[Black "Qin, Ranran"]
[Result "1-0"]
[WhiteTitle "WGM"]
[WhiteElo "2350"]
[BlackElo "1998"]
[WhiteTeam "Zhejiang"]
[BlackTeam "Tianjin"]
[WhiteFideId "8602972"]
[BlackFideId "8600791"]
[EventDate "2012.04.28"]

1. e4 c5 2. Nf3 e6 3. d4 cxd4 4. Nxd4 a6 5. Bd3 Qc7 6. O-O Nc6 7. Nxc6 dxc6 8.
f4 e5 9. Kh1 Bd6 10. Nd2 b5 11. a4 Rb8 12. axb5 axb5 13. Nf3 Bg4 14. fxe5 Bxe5
15. Qe1 Bxf3 16. gxf3 Bf4 17. Bxf4 Qxf4 18. Qc3 Qf6 19. e5 Qe6 20. Ra7 Ne7 21.
Qc5 g6 22. Be4 Kf8 23. Rd1 Re8 24. Kg2 Kg7 25. Rd6 Qc4 26. Qxc4 bxc4 27. Rdd7
Nd5 28. Rxf7+ Kh6 29. f4 Ref8 30. Bxd5 cxd5 31. e6 Rxf7 32. Rxf7 Re8 33. e7 Kh5
34. Kf3 h6 35. Ke3 Kg4 36. Kd4 1-0

[Event "TCh-CHN 2012"]
[Site "Beijing CHN"]
[Date "2012.04.30"]
[Round "3"]
[White "Yu, Yangyi"]
[Black "Wang, Rui"]
[Result "1-0"]
[WhiteTitle "GM"]
[BlackTitle "GM"]
[WhiteElo "2615"]
[BlackElo "2407"]
[WhiteTeam "Beijing"]
[BlackTeam "Hebei"]
[WhiteFideId "8603820"]
[BlackFideId "8601003"]
[EventDate "2012.04.28"]

1. e4 e5 2. Nf3 Nf6 3. Nxe5 d6 4. Nf3 Nxe4 5. Nc3 Nxc3 6. dxc3 Be7 7. Be3 Nc6 8.
Qd2 Be6 9. O-O-O Bf6 10. h4 h6 11. Kb1 Qd7 12. a3 O-O-O 13. Nd4 Bxd4 14. cxd4 d5
15. h5 Bf5 16. f3 Kb8 17. g4 Bh7 18. Bh3 Ne7 19. Bf4 Rde8 20. b3 Qb5 21. Kb2 Nc8
22. Rhe1 f6 23. Qc3 Nd6 24. Bf1 Qd7 25. a4 Rxe1 26. Rxe1 Re8 27. Bxd6 Rxe1 28.
Qxe1 cxd6 29. Bb5 Qc8 30. c3 a6 31. Bf1 Qd7 32. Qe3 Qf7 33. a5 Ka7 34. Ka3 Qc7
35. b4 Qd7 36. Kb3 Kb8 37. Be2 Kc7 38. Bd1 Kb8 39. Ka3 Ka7 40. Ba4 Qc7 41. Bb3
Qf7 42. f4 Bg8 43. f5 Kb8 44. Ba4 Kc8 45. b5 axb5 46. Bxb5 Kd8 47. Kb4 Qf8 48.
Qe1 Bf7 49. Qa1 Qe7 50. a6 bxa6 51. Qxa6 Qc7 52. Qa5 Kc8 53. Qxc7+ Kxc7 54. Ka5
Kb7 55. Ba4 Kc7 56. Ka6 Bg8 57. Ka7 Bf7 58. Bb5 Bg8 59. Ka6 Bf7 60. Ba4 Bg8 61.
Be8 Kd8 62. Bg6 Kc7 63. Ka7 Kc6 64. Kb8 Kb5 65. Kc7 Kc4 66. Kxd6 Kxc3 67. Ke7
Kxd4 68. Kf8 Kc3 69. Kxg8 d4 70. Be8 1-0

[Event "TCh-CHN 2012"]
[Site "Beijing CHN"]
[Date "2012.04.30"]
[Round "3"]
[White "Wang, Doudou"]
[Black "Wang, Jue"]
[Result "1/2-1/2"]
[WhiteElo "2186"]
[BlackElo "2366"]
[WhiteTeam "Hebei"]
[BlackTeam "Beijing"]
[WhiteFideId "8603197"]
[BlackFideId "8604070"]
[EventDate "2012.04.28"]

1. d4 d6 2. c4 g6 3. Nc3 Bg7 4. e4 Nf6 5. f3 O-O 6. Be3 e5 7. Nge2 c6 8. Qd2
Nbd7 9. O-O-O a6 10. Kb1 b5 11. c5 b4 12. Na4 Qa5 13. Qc2 d5 14. dxe5 Nxe5 15.
Nb6 dxe4 16. Nc1 Be6 17. Nb3 Bxb3 18. Qxb3 Rad8 19. Be2 Ned7 20. Qc4 exf3 21.
gxf3 Nxb6 22. cxb6 Qf5+ 23. Qc2 Qe5 24. Bc5 Nd5 25. Bxf8 Rxf8 26. Bxa6 Nxb6 27.
Rhe1 Qf6 28. Re2 Qxf3 29. Bb7 h5 30. Bxc6 Qf6 31. Rf2 Qe5 32. Re2 Qf6 33. Rf2
Qg5 34. Qe4 Qa5 35. Rdf1 Qc5 36. Rc2 Qd6 37. Bb5 Nd5 38. Bc4 Ne7 39. Bb3 Nf5 40.
Qc6 Qd3 41. Rg1 Nd4 42. Qxg6 Qxg6 43. Rxg6 Nxc2 44. Kxc2 Rc8+ 45. Kd3 Rd8+ 46.
Kc2 Rc8+ 47. Kd3 Rd8+ 48. Kc2 Rc8+ 1/2-1/2

[Event "TCh-CHN 2012"]
[Site "Beijing CHN"]
[Date "2012.04.30"]
[Round "3"]
[White "Liu, Guanchu"]
[Black "Mu, Ke"]
[Result "1/2-1/2"]
[WhiteElo "2260"]
[BlackElo "2286"]
[WhiteTeam "Chengdu"]
[BlackTeam "Qingdao"]
[WhiteFideId "8603901"]
[BlackFideId "8602778"]
[EventDate "2012.04.28"]

1. e4 e6 2. d4 d5 3. Nc3 Bb4 4. e5 c5 5. a3 cxd4 6. axb4 dxc3 7. Qg4 cxb2 8.
Bxb2 Qe7 9. b5 Nh6 10. Qf4 Nd7 11. Nf3 O-O 12. Be2 b6 13. O-O Nc5 14. Ba3 Qc7
15. Ra2 f5 16. Rfa1 Bd7 17. Bb4 Nf7 18. Ra3 Rfc8 19. h4 Ne4 20. R1a2 h6 21. h5
Neg5 22. Bd6 Qd8 23. Nxg5 hxg5 24. Qd4 Be8 25. c4 Nxd6 26. exd6 Qxd6 27. Rxa7
Rxa7 28. Rxa7 Bf7 29. h6 e5 30. Qd3 Qf6 31. cxd5 e4 32. Qd2 Rd8 33. Qc2 gxh6 34.
Qc6 Rd6 35. Qc8+ Rd8 36. Qc6 Rd6 37. Qc8+ Rd8 1/2-1/2

[Event "TCh-CHN 2012"]
[Site "Beijing CHN"]
[Date "2012.04.30"]
[Round "3"]
[White "Chen, Fan"]
[Black "Ma, Zhonghan"]
[Result "1/2-1/2"]
[WhiteTitle "FM"]
[WhiteElo "2375"]
[BlackElo "2369"]
[WhiteTeam "Chengdu"]
[BlackTeam "Qingdao"]
[WhiteFideId "8600767"]
[BlackFideId "8607206"]
[EventDate "2012.04.28"]

1. e4 e5 2. Nf3 Nc6 3. Bb5 Nf6 4. O-O Nxe4 5. d4 Nd6 6. Bxc6 dxc6 7. dxe5 Nf5 8.
Qxd8+ Kxd8 9. Nc3 Ke8 10. h3 Ne7 11. b3 Ng6 12. Bb2 a5 13. Rfe1 Bb4 14. a3 Bxc3
15. Bxc3 Be6 16. Nd4 Ne7 17. a4 c5 18. Nxe6 fxe6 19. Rad1 b6 20. g3 Rd8 21. Kg2
Rf8 22. Rxd8+ Kxd8 23. Rd1+ Ke8 24. Rd3 Nd5 25. Bd2 Rf7 26. c4 Ne7 27. f3 Nf5
28. Bc3 Rd7 29. Rxd7 Kxd7 30. f4 h5 31. g4 hxg4 32. hxg4 Nd4 33. Bxd4 cxd4 34.
g5 g6 1/2-1/2

[Event "TCh-CHN 2012"]
[Site "Beijing CHN"]
[Date "2012.04.30"]
[Round "3"]
[White "Gong, Qianyun"]
[Black "Gunina, Valentina"]
[Result "0-1"]
[WhiteTitle "WIM"]
[BlackTitle "IM"]
[WhiteElo "2302"]
[BlackElo "2511"]
[WhiteTeam "Qingdao"]
[BlackTeam "Chengdu"]
[WhiteFideId "8602425"]
[BlackFideId "4167570"]
[EventDate "2012.04.28"]

1. e4 c6 2. Nc3 d5 3. Qf3 e6 4. d4 Nf6 5. e5 Nfd7 6. Qg3 a6 7. Nf3 c5 8. dxc5
Nc6 9. Be3 Qa5 10. Be2 g6 11. O-O Bxc5 12. Bd2 Qc7 13. Bf4 Ne7 14. Bd3 h6 15.
Ne2 b5 16. c3 g5 17. Bd2 Nc6 18. Ned4 Ncxe5 19. Rae1 Bd6 20. Nxe5 Nxe5 21. Bxb5+
Kf8 22. f4 Ng6 23. Bc6 Rb8 24. Qd3 gxf4 25. Nxe6+ Bxe6 26. Rxe6 Qxc6 27. Kh1
fxe6 28. Qxg6 Qe8 29. Qf6+ Kg8 30. g3 Qf7 31. Qh4 Qf5 32. Bxf4 Qe4+ 0-1

[Event "TCh-CHN 2012"]
[Site "Beijing CHN"]
[Date "2012.04.30"]
[Round "3"]
[White "Hoang, Thi Bao Tram"]
[Black "Ren, Xiaoyi"]
[Result "1-0"]
[WhiteTitle "WGM"]
[WhiteElo "2356"]
[BlackElo "2202"]
[WhiteTeam "Qingdao"]
[BlackTeam "Chengdu"]
[WhiteFideId "12401102"]
[BlackFideId "8608709"]
[EventDate "2012.04.28"]

1. Nf3 Nf6 2. d4 g6 3. Bf4 Bg7 4. Nbd2 d5 5. e3 O-O 6. h3 b6 7. Be2 Bb7 8. O-O
c5 9. c3 Nc6 10. Bh2 Nd7 11. Qb3 e5 12. Qxd5 exd4 13. exd4 cxd4 14. Rad1 dxc3
15. Nb3 Nc5 16. Qc4 Qc8 17. Nxc5 bxc5 18. bxc3 Re8 19. Rfe1 Na5 20. Qd3 c4 21.
Qd2 Qc6 22. Bf1 Bf6 23. Ne5 Qb5 24. Ng4 Bg5 25. Qd4 Qb6 26. Be5 Re6 27. Rb1 Qxd4
28. Bxd4 h5 29. Rxe6 fxe6 30. Rb5 Bd8 31. Ne5 a6 32. Rb2 Rc8 33. Nxc4 Bxg2 34.
Kxg2 1-0

[Event "TCh-CHN 2012"]
[Site "Beijing CHN"]
[Date "2012.05.01"]
[Round "4"]
[White "Lin, Chen"]
[Black "Zhou, Weiqi"]
[Result "1-0"]
[BlackTitle "GM"]
[WhiteElo "2446"]
[BlackElo "2628"]
[WhiteTeam "Wuxi"]
[BlackTeam "Jiangsu"]
[WhiteFideId "8602298"]
[BlackFideId "8601674"]
[EventDate "2012.04.28"]

1. e4 g6 2. d4 Bg7 3. Nf3 d6 4. Be2 Nf6 5. Nc3 a6 6. a4 O-O 7. O-O b6 8. Re1 Bb7
9. Bc4 e6 10. Bg5 h6 11. Bh4 g5 12. Bg3 Nbd7 13. h3 Re8 14. Ba2 Nf8 15. Bh2 Ng6
16. e5 Bxf3 17. Qxf3 dxe5 18. d5 e4 19. Rxe4 Nxe4 20. dxe6 fxe6 21. Qxe4 Qf6 22.
Bxc7 Nf8 23. Re1 Qd4 24. Qf3 Qc5 25. Bg3 Ra7 26. Bb3 Rf7 27. Qe2 Rd8 28. Qxa6
Bxc3 29. bxc3 Qxc3 30. Qe2 Rd2 31. Qe4 Qd4 32. Bxe6 Nxe6 33. Qxe6 Qf6 34. Qc8+
Rd8 35. Qc4 Kh7 36. Re6 Qf5 37. Qc6 Rd2 38. Rxh6+ Kg7 39. Rh5 Qf6 40. Qe4 Kg8
41. Kh2 Re7 42. Qa8+ Kf7 43. Rh8 Kg6 44. Rf8 Qe6 45. Rg8+ Rg7 46. Rc8 Kh7 47.
Rh8+ Kg6 48. Qf3 Rh7 49. Rb8 g4 50. Qb3 Qxb3 51. cxb3 gxh3 52. Rxb6+ Kf5 53.
gxh3 Rhd7 54. Rb5+ R7d5 55. Rb8 Rb2 56. Kg2 Rb1 57. Rf8+ Ke6 58. Rf3 Rd2 59.
Re3+ Kf5 60. Be5 Rdd1 61. a5 Rd5 62. Bc7 Rb5 63. Rf3+ Ke6 64. a6 Ra1 65. Rg3 Kf7
66. Rf3+ Ke6 67. Bd8 Rf5 68. Rxf5 Kxf5 69. b4 Rxa6 70. b5 Rg6+ 71. Kf3 Rh6 72.
Kg3 Rg6+ 73. Kh2 Rd6 74. Bc7 Rd3 75. b6 Rb3 76. Kg2 Ke4 77. f3+ Kf5 78. Kf2 Ke6
79. h4 Rb4 80. Ke3 Kd7 81. f4 Rb3+ 82. Ke4 Rh3 83. Kd5 Rd3+ 84. Kc5 Rc3+ 85. Kb5
Rb3+ 86. Kc4 Rh3 87. Kc5 Rc3+ 88. Kb5 Rb3+ 89. Ka6 Kc6 90. Ka7 Rh3 91. Ka8 Rh1
92. h5 Kd7 93. Be5 Rh3 94. b7 Ra3+ 95. Kb8 Rb3 96. h6 Kc6 97. Bg7 Rxb7+ 98. Ka8
Re7 99. h7 Rxg7 100. h8=Q Rd7 101. Qe5 Rd5 102. Qe6+ Rd6 103. Qc4+ Kd7 104. Kb7
Ke7 105. f5 Kf6 106. Kc7 1-0

[Event "TCh-CHN 2012"]
[Site "Beijing CHN"]
[Date "2012.05.01"]
[Round "4"]
[White "Wen, Yang"]
[Black "Zeng, Chongsheng"]
[Result "1-0"]
[WhiteTitle "GM"]
[BlackTitle "IM"]
[WhiteElo "2549"]
[BlackElo "2435"]
[WhiteTeam "Shandong"]
[BlackTeam "Guangdong"]
[WhiteFideId "8602956"]
[BlackFideId "8603847"]
[EventDate "2012.04.28"]

1. d4 Nf6 2. c4 g6 3. f3 d5 4. cxd5 Nxd5 5. e4 Nb6 6. Nc3 Bg7 7. Be3 O-O 8. Qd2
Nc6 9. O-O-O f5 10. e5 Nb4 11. Nh3 c6 12. Kb1 a5 13. Qc1 Kh8 14. a3 Be6 15. Nf4
Bb3 16. Rd2 N6d5 17. Ncxd5 Nxd5 18. Rd3 a4 19. Ne6 Nc3+ 20. Rxc3 Bxe6 21. Bc4
Qd7 22. Ka1 Bxc4 23. Rxc4 Rfc8 24. Qc2 f4 25. Bf2 Qf5 26. Qxf5 gxf5 27. Bh4 e6
28. Bg5 b5 29. Rc2 c5 30. dxc5 Rc6 31. Re1 Ra7 32. Rd1 Bxe5 33. Re2 Bc7 34. Rd7
e5 35. Bxf4 Bb6 36. Bxe5+ Kg8 37. Rd6 Rxd6 38. Bxd6 Ba5 39. c6 Kf7 40. c7 Ra8
41. Re5 Rc8 42. Rxb5 Ke6 43. Rxa5 Kxd6 44. Ra6+ Ke5 45. Rc6 1-0

[Event "TCh-CHN 2012"]
[Site "Beijing CHN"]
[Date "2012.05.01"]
[Round "4"]
[White "Munguntuul, Batkhuyag"]
[Black "Zhang, Jilin"]
[Result "1/2-1/2"]
[WhiteTitle "IM"]
[BlackTitle "WGM"]
[WhiteElo "2451"]
[BlackElo "2257"]
[WhiteTeam "Guangdong"]
[BlackTeam "Shandong"]
[WhiteFideId "4900758"]
[BlackFideId "8602867"]
[EventDate "2012.04.28"]

1. d4 Nf6 2. Nf3 c5 3. d5 g6 4. Nc3 Bg7 5. e4 d6 6. Bc4 O-O 7. O-O Na6 8. Re1
Nc7 9. a4 e5 10. dxe6 Bxe6 11. Nd5 Re8 12. Ra3 Bxd5 13. exd5 Rxe1+ 14. Nxe1 Qd7
15. h3 Re8 16. Nf3 b6 17. Ba2 a6 18. c4 b5 19. axb5 axb5 20. Qd3 bxc4 21. Bxc4
Ra8 22. Rxa8+ Nxa8 23. Qb3 Qc7 24. Bd2 Nd7 25. Qb5 Nab6 26. b3 Nxc4 27. bxc4 Bf8
28. Bc3 Qd8 29. Kh2 Qe7 30. Ba1 Bg7 31. Bxg7 Kxg7 32. Qb7 Qd8 33. h4 h6 34. g3
Qf6 35. Qxd7 Qxf3 36. Kg1 Qf6 37. Qg4 1/2-1/2

[Event "TCh-CHN 2012"]
[Site "Beijing CHN"]
[Date "2012.05.01"]
[Round "4"]
[White "Ma, Zhonghan"]
[Black "Zhou, Jianchao"]
[Result "0-1"]
[BlackTitle "GM"]
[WhiteElo "2369"]
[BlackElo "2625"]
[WhiteTeam "Qingdao"]
[BlackTeam "Shanghai"]
[WhiteFideId "8607206"]
[BlackFideId "8603537"]
[EventDate "2012.04.28"]

1. Nf3 c5 2. c4 Nc6 3. Nc3 g6 4. e3 Nf6 5. d4 cxd4 6. Nxd4 Bg7 7. Be2 O-O 8. O-O
b6 9. b3 Nxd4 10. exd4 d5 11. Bf3 Bb7 12. Qe2 Qd7 13. Ba3 Rfe8 14. c5 Rac8 15.
Rac1 bxc5 16. Bxc5 e5 17. Qb5 Bc6 18. Qa5 Ne4 19. Bxe4 exd4 20. Bxd5 dxc3 21.
Bxc6 Qxc6 22. b4 a6 23. Qa3 Re2 24. Qb3 Qe6 25. Qxe6 fxe6 26. f3 Rxa2 27. Rf2
Rb2 28. Kf1 a5 29. Bd6 Rc6 0-1